La literatura hispanoamericana
Uloženo v:
| Hlavní autor: | |
|---|---|
| Médium: | Kniha |
| Jazyk: | španělština |
| Vydáno: |
Barcelona
Oikos-tau
1974
|
| Témata: | |
| Tagy: |
Přidat tag
Žádné tagy, Buďte první, kdo vytvoří štítek k tomuto záznamu!
|
MARC
| LEADER | 00000nam a2200000 a 4500 | ||
|---|---|---|---|
| 001 | UCP7569 | ||
| 003 | CL-VaPUC | ||
| 008 | 991217e19740000SP |||||||||||||||||spa|d | ||
| 082 | 0 | 4 | |a H860.9 |b JAC |2 21 |
| 100 | |a Joset, Jacques |e author |9 456408 | ||
| 245 | 1 | 3 | |a La literatura hispanoamericana |
| 300 | |a 155 p | ||
| 942 | |c BK | ||
| 945 | |d 19991217 00:00:00 |a rherrera | ||
| 260 | |a Barcelona |b Oikos-tau |c 1974 | ||
| 600 | 0 | 7 | |a DARIO, RUBEN |2 CL-VaPUC |9 268402 |
| 650 | 0 | |a Literatura española |9 306261 | |
| 650 | 0 | |a Conquista |9 339504 | |
| 650 | 0 | |a Historia |9 255047 | |
| 650 | 0 | |a Modernismo |9 267987 | |
| 650 | 0 | |a Postmodernismo |9 268655 | |
| 583 | |a last modification |c 19991217 00:00:00 |k Rodrigo Vera | ||
| 999 | |c 284691 |d 284689 | ||
| 952 | |0 0 |1 0 |4 0 |6 H_860_900000000000000_JAC_1974 |7 0 |8 A |9 328868 |a BIBHIS |b BIBHIS |d 2019-11-20 |i 1379194 |o H860.9 JAC 1974 |p 1379194 |r 2025-01-20 |w 2019-11-20 |y BK |k HIS | ||